| 000 | 00820nam a2200253Ia 4500 | ||
|---|---|---|---|
| 003 | OSt | ||
| 005 | 20220918171318.0 | ||
| 006 | a|||||r|||| 00| 0 | ||
| 007 | ta | ||
| 008 | 220917b |||||||| |||| 00| 0 eng d | ||
| 020 |
_a9781474411349 (pbk) _c2413.78 |
||
| 024 | _a289,566 | ||
| 037 |
_b246, 28/03/2016, Excel Book International _cTextual |
||
| 040 |
_aARTS _cARTS _beng |
||
| 041 |
_2eng _aeng |
||
| 082 | _aO111,2J64:g, Q6 | ||
| 100 |
_aWilson Richard _935683 |
||
| 245 | 0 |
_aWorldly shakespeare _b The theatre of our good will |
|
| 260 |
_aEdinburgh _bEdinburgh University Press U.S.A. _c2016 |
||
| 300 |
_aviii, 303p. _ccm. |
||
| 650 | _aENGLISH LITERATURE | ||
| 942 |
_hO111,2J64:g, Q6 _cTEXL _2CC |
||
| 999 |
_c138966 _d138966 |
||